Normal view
MARC view
Entry Personal Name
001 - CONTROL NUMBER
- control field: 47089
003 - CONTROL NUMBER IDENTIFIER
- control field: dpl
005 - DATE AND TIME OF LATEST TRANSACTION
- control field: 20120514152300.0
008 - FIXED-LENGTH DATA ELEMENTS
- fixed length control field: 120514|||a|||||| | ||| d
040 ## - CATALOGING SOURCE
- Original cataloging agency: dpl
- Transcribing agency: dpl
100 ## - HEADING--PERSONAL NAME
- Personal name: संजीव कुमार
670 ## - SOURCE DATA FOUND
- Source citation: Work cat.: (dpl): संजीव कुमार, सामान्य विज्ञान /, 2006
670 ## - SOURCE DATA FOUND
- Source citation: Work cat.: (dpl): संजीव कुमार, सामान्य विज्ञान /, 2006
